Environmental economics (Record no. 395942)

MARC details
000 -LEADER
fixed length control field 00521 a2200205 4500
005 - DATE & TIME
control field 20260210104639.0
008 - FIXED-LENGTH DATA ELEMENTS--GENERAL INFORMATION
fixed length control field 260209b |||||||| |||| 00| 0 eng d
020 ## - ISBN
International Standard Book Number 9788119956623
Price Rs. 1395.00
040 ## - CATALOGING SOURCE
Original cataloging agency VIVEKANANDA LIBRARY
082 ## - DDC NUMBER
Classification number 333.7
Book Number G274E
100 ## - MAIN ENTRY--PERSONAL NAME
Personal name Gehlot, Dinesh
245 ## - TITLE STATEMENT
Title Environmental economics
250 ## - EDITION STATEMENT
Edition statement
260 ## - PUBLICATION, DISTRIBUTION, ETC. (IMPRINT)
Name of publisher, distributor, etc Arihant Books
Date of publication, distribution, etc 2024
Place of publication, distribution, etc New Delhi
300 ## - PHYSICAL DESCRIPTION
Pages vi, 264
650 ## - Subject
Subject Economics
650 ## - Subject
Subject Environmental Economics
650 ## - Subject
Subject Economy - Natural Resources
942 ## - ADDED ENTRY ELEMENTS (KOHA)
Koha item type Books
Holdings
Withdrawn status Lost status Source of classification or shelving scheme Damaged status Not for loan Location (home branch) Sublocation or collection (holding branch) Shelving location Date acquired Koha issues (times borrowed) Koha full call number Accession No. Koha date last seen Koha item type
    Dewey Decimal Classification     VIVEKANANDA LIBRARY VIVEKANANDA LIBRARY Vivekananda Library 13/01/2026   333.7 G274E 444356 13/01/2026 Books
© Designed and Maintained by Vivekananda Library, MDU Rohtak